Players with the Most Appearances in La Liga - Statistics

General Stats
  • This quiz has been taken 54 times
  • The average score is 8 of 15
Answer Stats
Rank Player Matches Positions Main Club Club Carrier % Correct
12 Iker Casillas 510 GK Real Madrid 96/97 ~ 19/20
96%
15 Xavi 505 CMF FC Barcelona 95/96 ~ 18/19
96%
8 Sergio Ramos 536 CB Real Madrid 02/03 ~
93%
10 Lionel Messi 520 RWG FC Barcelona 00/01 ~
91%
4 Raúl 550 ST Real Madrid 92/93 ~ 15/16
83%
11 Jesús Navas 516 RB Sevilla FC 01/02 ~ 24/25
59%
Antoine Griezmann 510 CF Atletico Madrid 05/06 ~
57%
1 Joaquín 622 RWG Real Betis 99/00 ~ 22/23
54%
14 Dani Parejo 507 CMF Valencia 04/05 ~
46%
3 Raúl García 609 AMF Athletic 04/05 ~ 23/24
41%
Andoni Zubizarreta 622 GK Athletic 79/80 ~ 98/99
39%
9 Manolo Sanchís 523 CB Real Madrid 83/84 ~ 00/01
22%
7 Paco Buyo 542 GK Real Madrid 73/74 ~ 96/97
22%
6 Eusebio 543 DMF FC Barcelona 82/83 ~ 01/02
9%
5 Loren Juarros 546 CB Real Sociedad 84/85 ~ 01/02
4%
No matching quizzes found
Score Distribution
Percent of People with Each Score
Percentile by Number Answered
Your Score History
You have not taken this quiz